UBT Library

Raising compassionate, courageous children in a violent world / (Record no. 38944)

000 -LEADER
fixed length control field 00841cam a2200277 a 4500
001 - CONTROL NUMBER
control field 1619272
005 - DATE AND TIME OF LATEST TRANSACTION
control field 20171214074719.0
008 - FIXED-LENGTH DATA ELEMENTS--GENERAL INFORMATION
fixed length control field 960322s1996 gau b 000 0 eng d
010 ## - LIBRARY OF CONGRESS CONTROL NUMBER
LC control number 95082234
020 ## - INTERNATIONAL STANDARD BOOK NUMBER
International Standard Book Number 1563522764 (pbk.) :
Terms of availability $15.95
035 ## - SYSTEM CONTROL NUMBER
System control number (OCoLC)34928501
035 ## - SYSTEM CONTROL NUMBER
System control number 3661-89860
040 ## - CATALOGING SOURCE
Original cataloging agency OCo
Transcribing agency OCo
Modifying agency DLC
041 ## - LANGUAGE CODE
Language code of text/sound track or separate title eng
042 ## - AUTHENTICATION CODE
Authentication code lccopycat
043 ## - GEOGRAPHIC AREA CODE
Geographic area code n-us---
080 ## - UNIVERSAL DECIMAL CLASSIFICATION NUMBER
Universal Decimal Classification number 649..1
082 00 - DEWEY DECIMAL CLASSIFICATION NUMBER
Classification number 649..1
Edition number 21
100 1# - Rafti
Rafti 50
101 ## - Shkurtesa
Shkurtesa SOC
245 10 - TITLE STATEMENT
Title Raising compassionate, courageous children in a violent world /
Statement of responsibility, etc by Janice Cohn.
504 ## - BIBLIOGRAPHY, ETC. NOTE
Bibliography, etc Includes bibliographical references (p. 242-251).
906 ## - LOCAL DATA ELEMENT F, LDF (RLIN)
a 7
b cbc
c copycat
d 2
e opcn
f 19
g y-gencatlg
942 ## - ADDED ENTRY ELEMENTS (KOHA)
Source of classification or shelving scheme
Item type Books

No items available.

UBT Library © 2015-2024. All rights reserved University Education for Business and Technology